| 000 | 00891nam a2200229Ia 4500 | ||
|---|---|---|---|
| 001 | 18001 | ||
| 003 | GE_BSU | ||
| 008 | 181216s||||||||xx |||||||||||||| ||und|| | ||
| 040 | _cGE_BSU | ||
| 080 | _a821.353.1-82 | ||
| 245 | _aპარალელი | ||
| 245 | _bკრებული | ||
| 245 | _cმთ.რედ. ვაჟა ჩორდელი. რედ. მ.გიორგობიანიმხატვრ. ტ. შეყილაძე. გ. პაპიაშვილი | ||
| 260 | _aთბილისი | ||
| 260 | _bსაბჭ. საქართველო | ||
| 260 | _c1984 | ||
| 300 | _a240გვ.20სმ. | ||
| 520 | _aსაქ-ს ლენინის სახელობის პოლიტექნიკური ინ-ტი 60 წლისაა | ||
| 653 | _aკრებული | ||
| 653 | _aპარალელი | ||
| 942 | _cBK | ||
| 999 |
_c51044 _d51044 |
||